<?phpxml version="1.0" encoding="ISO-8859-1"?>
 <collection>
  

 
 <record>
 <datafield tag="088" ind1="" ind2="">
  <subfield code="a">BierSala09</subfield> 
  </datafield>
 <datafield tag="024" ind1="7" ind2="">
  <subfield code="a">10.1016/j.trc.2008.12.001 </subfield> 
  <subfield code="2">doi</subfield> 
  </datafield>
 <datafield tag="245" ind1="" ind2="">
  <subfield code="a">Selected papers from the Triennial symposium on transportation  analysis (TRISTAN), Phuket, Thailand, June 11–15, 2007, Special Issue of Transportation Research Part C </subfield> 
  </datafield>
 <datafield tag="260" ind1="" ind2="">
  <subfield code="c">2009</subfield> 
  </datafield>
 <datafield tag="700" ind1="" ind2="">
  <subfield code="a">Bierlaire, Michel</subfield> 
  </datafield>
 <datafield tag="700" ind1="" ind2="">
  <subfield code="a">Salani, Matteo</subfield> 
  </datafield>
 <datafield tag="773" ind1="" ind2="">
  <subfield code="c">105</subfield> 
  <subfield code="p">Transportation Research Part C: Emerging Technologies</subfield> 
  <subfield code="x">0968-090X</subfield> 
  <subfield code="v">17</subfield> 
  <subfield code="n">2</subfield> 
  <subfield code="y">2009</subfield> 
  <subfield code="u">http://www.elsevier.com/locate/trc</subfield> 
  </datafield>
 <datafield tag="909" ind1="C" ind2="0">
  <subfield code="p">TRANSP-OR</subfield> 
  </datafield>
 <datafield tag="973" ind1="" ind2="">
  <subfield code="a">EPFL</subfield> 
<br />
<b>Fatal error</b>:  Uncaught Error: Call to undefined function ereg() in E:\Inetpub\transp-or.epfl.ch\web\oneMarcXML.php:230
Stack trace:
#0 {main}
  thrown in <b>E:\Inetpub\transp-or.epfl.ch\web\oneMarcXML.php</b> on line <b>230</b><br />
